[Event "MCR mladeze 2019 - FIDE Open"]
[Site "Kouty nad Desnou"]
[Date "2019.03.10"]
[Round "2"]
[White "Bochnicka, Vladimir"]
[Black "Kupsa, Matej"]
[Result "1-0"]
[WhiteElo "2149"]
[BlackElo "1987"]
[EventDate "2019.03.09"]

1. e4  c5  2. Nf3  Nf6
3. Nc3  d6  4. d4
cxd4  5. Nxd4  e5
6. Ndb5  a6  7. Na3
Be6  8. Bg5  Be7
9. Bxf6  gxf6  10. Nc4
Nc6  11. Ne3  Qa5
12. Be2  Rd8  13. O-O
Nd4  14. Ncd5  f5
15. b4  Qa4  16. Nc7+
Kf8  17. Nxe6+  fxe6
18. exf5  Nxf5  19. Bg4
h5  20. Bxf5  exf5
21. Nxf5  Qxb4  22. Qd5
Qb5  23. Qf3  Qc6
24. Qg3  Rg8  25. Qxg8+ 1-0

[Event "MCR mladeze 2019 - FIDE Open"]
[Site "Kouty nad Desnou"]
[Date "2019.03.10"]
[Round "2"]
[White "Skalka, Jan"]
[Black "Hanl, Frantisek"]
[Result "0-1"]
[WhiteElo "1904"]
[BlackElo "2137"]
[PlyCount "76"]
[EventDate "2019.03.09"]

1. e4 c6 2. d4 d5 3. exd5 cxd5 4. Bd3 Nc6 5. c3 Nf6 6. Nf3 g6 7. O-O Bg7 8. Bf4
Nh5 9. Bg5 h6 10. Be3 Qd6 11. Nbd2 Nf4 12. Bxf4 Qxf4 13. h3 h5 14. Qb3 g5 15.
g3 Qf6 16. Qxd5 g4 17. Nh4 e6 18. Rae1 Qh6 19. Nc4 O-O 20. Qe4 gxh3 21. Ne5 f5
22. Qf3 Nxe5 23. dxe5 Rd8 24. Bc4 Kh7 25. Rd1 Rf8 26. Qf4 Qxf4 27. gxf4 Bh6 28.
Rd4 Rg8+ 29. Kh2 Rg4 30. Kxh3 Bxf4 31. Nf3 b5 32. Bb3 Rb8 33. Bd1 Bb7 34. Rxf4
Rxf4 35. Ng5+ Kh6 36. Nxe6 Re4 37. Nc5 Rxe5 38. Nd7 Rg8 0-1

[Event "MCR mladeze 2019 - FIDE Open"]
[Site "Kouty nad Desnou"]
[Date "2019.03.10"]
[Round "2"]
[White "Londin, Simon"]
[Black "Nagy, Ladislav"]
[Result "1/2-1/2"]
[WhiteElo "2125"]
[BlackElo "1923"]
[PlyCount "116"]
[EventDate "2019.03.09"]

1. e4 c5 2. Nc3 Nc6 3. f4 g6 4. Nf3 Bg7 5. Bb5 Nd4 6. O-O e6 7. e5 a6 8. Bd3
Nxf3+ 9. Qxf3 d5 10. exd6 Qxd6 11. b3 Nf6 12. Bb2 O-O 13. Rae1 Ra7 14. a4 b6
15. Qg3 Qd8 16. Qh4 Rd7 17. Rf3 Nd5 18. Qxd8 Rfxd8 19. Nxd5 Rxd5 20. Bxg7 Kxg7
21. g4 a5 22. Ref1 Rd4 23. h3 c4 24. Bxc4 Rxd2 25. Bd3 Bb7 26. R3f2 R2xd3 27.
cxd3 Rxd3 28. Kh2 Bd5 29. Rb1 Bxb3 30. Rfb2 Bxa4 31. Rxb6 Bd1 32. Ra6 a4 33.
Rb4 a3 34. g5 Rd2+ 35. Kg3 a2 36. Rb8 Rd3+ 37. Kf2 h6 38. Rxa2 hxg5 39. fxg5
Rd7 40. Raa8 f5 41. Rg8+ Kh7 42. Rh8+ Kg7 43. Rag8+ Kf7 44. Rh7+ Kxg8 45. Rxd7
Bb3 46. Ke3 e5 47. Re7 e4 48. Kf4 Kf8 49. Ra7 Bd1 50. Ke5 Bh5 51. Kf6 Kg8 52.
Rf7 e3 53. Re7 e2 54. Re8+ Kh7 55. Re5 f4 56. Re7+ Kg8 57. Re8+ Kh7 58. Re7+
Kg8 1/2-1/2

[Event "MCR mladeze 2019 - FIDE Open"]
[Site "Kouty nad Desnou"]
[Date "2019.03.10"]
[Round "2"]
[White "Broz, Petr"]
[Black "Kubicek, Antonin"]
[Result "0-1"]
[WhiteElo "1883"]
[BlackElo "2111"]
[PlyCount "54"]
[EventDate "2019.03.09"]

1. e4 g6 2. d4 Bg7 3. Nc3 d6 4. g3 Nf6 5. Bg2 O-O 6. Nge2 Nbd7 7. O-O e5 8. h3
c6 9. a4 a5 10. Be3 Re8 11. g4 h5 12. g5 Nh7 13. h4 Nhf8 14. f4 Ne6 15. f5 Nxd4
16. fxg6 fxg6 17. Nxd4 exd4 18. Bxd4 Ne5 19. Bxe5 Bxe5 20. Qf3 Rf8 21. Qd3 Qb6+
22. Kh1 Bg4 23. Bf3 Rxf3 24. Rxf3 Bxf3+ 25. Qxf3 Rf8 26. Qh3 Qf2 27. Rd1 Rf4
0-1

[Event "MCR mladeze 2019 - FIDE Open"]
[Site "Kouty nad Desnou"]
[Date "2019.03.10"]
[Round "2"]
[White "Pycha, Patrik"]
[Black "Janik, Marek Tobias"]
[Result "1-0"]
[WhiteElo "2027"]
[BlackElo "1676"]
[PlyCount "119"]
[EventDate "2019.03.09"]

1. e4 c5 2. Nc3 Nc6 3. g3 Nf6 4. Bg2 d6 5. d3 e5 6. h3 Be7 7. Be3 Be6 8. f4 d5
9. Nce2 exf4 10. Nxf4 dxe4 11. dxe4 O-O 12. Nge2 Qc7 13. c3 Rad8 14. Qc2 Ne5
15. O-O Nc4 16. Bc1 Rd7 17. b3 Ne5 18. c4 Rfd8 19. Nd5 Bxd5 20. exd5 b5 21. Bb2
bxc4 22. bxc4 Bd6 23. Nf4 Re7 24. Rae1 Rde8 25. Qc3 Ng6 26. Nxg6 hxg6 27. Rxe7
Rxe7 28. g4 Be5 29. Qc2 Bxb2 30. Qxb2 Qg3 31. Qf2 Ne4 32. Qxg3 Nxg3 33. Rb1
Ne2+ 34. Kf2 Nc3 35. Rb8+ Kh7 36. Rc8 Na4 37. g5 f6 38. gxf6 gxf6 39. Rc6 Kg7
40. d6 Rd7 41. Rc7 Nb6 42. Bc6 Rxc7 43. dxc7 f5 44. Bb7 Kf6 45. c8=Q Nxc8 46.
Bxc8 g5 47. Ke3 Ke5 48. Bd7 f4+ 49. Kf3 Kd4 50. Bb5 a5 51. a4 Kd3 52. h4 gxh4
53. Kxf4 h3 54. Kg3 h2 55. Kxh2 Kc3 56. Kg3 Kb3 57. Kf4 Kc3 58. Ke5 Kb3 59. Kd5
Kb4 60. Kc6 1-0

[Event "MCR mladeze 2019 - FIDE Open"]
[Site "Kouty nad Desnou"]
[Date "2019.03.10"]
[Round "2"]
[White "Janouch, Jachym Stepan"]
[Black "Bares, Jachym"]
[Result "1-0"]
[WhiteElo "1675"]
[BlackElo "2022"]
[PlyCount "93"]
[EventDate "2019.03.09"]

1. e4 e5 2. Nf3 Nc6 3. d4 exd4 4. Nxd4 Bc5 5. Nb3 Bb6 6. Nc3 Nf6 7. Qe2 d6 8.
Be3 Qe7 9. O-O-O Nxe4 10. Nd5 Qe5 11. Bxb6 cxb6 12. Nc7+ Kd8 13. Nxa8 Qf4+ 14.
Kb1 Nxf2 15. g3 Qf6 16. Rxd6+ Qxd6 17. Qxf2 Be6 18. Be2 Kc8 19. Rd1 Qe5 20. Bf3
Qf6 21. Qg2 Rd8 22. Rf1 Bd7 23. Bxc6 Qxc6 24. Qxc6+ Bxc6 25. Rxf7 Rd7 26. Rf8+
Rd8 27. Rxd8+ Kxd8 28. Nd4 Bd7 29. Kc1 Kc8 30. Kd2 Kb8 31. Nxb6 axb6 32. Ke3
Kc7 33. Ke4 Kd8 34. Ke5 Ke7 35. Nf5+ Kf7 36. Nd6+ Kg6 37. Nxb7 Kg5 38. c4 Kg4
39. b4 Kh3 40. c5 Kxh2 41. cxb6 Kxg3 42. Nd6 Bc6 43. b7 Bxb7 44. Nxb7 h5 45.
Nd6 g5 46. Ne4+ Kg4 47. Kf6 1-0

[Event "MCR mladeze 2019 - FIDE Open"]
[Site "Kouty nad Desnou"]
[Date "2019.03.10"]
[Round "2"]
[White "Hradek, Matyas"]
[Black "Lajbl, Jan"]
[Result "0-1"]
[WhiteElo "1477"]
[BlackElo "1966"]
[PlyCount "72"]
[EventDate "2019.03.09"]

1. e4 e6 2. d4 d5 3. exd5 exd5 4. Nf3 Bd6 5. Be2 Bf5 6. O-O Nf6 7. Bg5 O-O 8.
Nbd2 h6 9. Bh4 g5 10. Bg3 Ne4 11. Bxd6 Nxd6 12. c4 c6 13. cxd5 cxd5 14. Qb3 Qa5
15. Qc3 Qxc3 16. bxc3 Nd7 17. c4 dxc4 18. Nxc4 Nxc4 19. Bxc4 Nb6 20. Bb3 Rad8
21. Rad1 Bg4 22. h3 Bxf3 23. gxf3 Rfe8 24. Kg2 Re2 25. f4 Nd5 26. fxg5 hxg5 27.
Kf3 Re6 28. Rg1 Rf6+ 29. Ke4 Nc3+ 30. Ke5 Rxf2 31. Rxg5+ Kf8 32. Rdg1 f6+ 33.
Ke6 fxg5 34. Rxg5 Rd6+ 35. Ke5 Re2+ 36. Kf4 Rf6+ 0-1

[Event "MCR mladeze 2019 - FIDE Open"]
[Site "Kouty nad Desnou"]
[Date "2019.03.10"]
[Round "2"]
[White "Rakovsky, Jakub"]
[Black "Gemsa, Pavel"]
[Result "0-1"]
[WhiteElo "1727"]
[BlackElo "1884"]
[PlyCount "76"]
[EventDate "2019.03.09"]

1. e4 c5 2. Nf3 Nc6 3. c4 Nd4 4. Nxd4 cxd4 5. d3 e5 6. Be2 Bb4+ 7. Nd2 Ne7 8.
O-O O-O 9. f4 Bxd2 10. Bxd2 d6 11. f5 f6 12. Bh5 g6 13. Qg4 Kh8 14. Bh6 Rg8 15.
Qh4 Nxf5 16. exf5 gxh5 17. Qxh5 b5 18. Qf7 Rb8 19. Rf3 Rb7 20. Qh5 bxc4 21.
dxc4 Rxb2 22. Rg3 Bb7 23. Qf7 Rxg2+ 24. Kf1 R2xg3 25. hxg3 Be4 26. Rc1 Bxf5 27.
c5 Rxg3 28. Kf2 Rg6 29. Bf8 dxc5 30. Be7 Be6 31. Qxe6 Qb6 32. Qc8+ Rg8 33. Qxc5
Qe6 34. Qc7 Qf5+ 35. Ke1 Rg1+ 36. Kd2 Rg2+ 37. Ke1 Qf2+ 38. Kd1 Qd2# 0-1

[Event "MCR mladeze 2019 - FIDE Open"]
[Site "Kouty nad Desnou"]
[Date "2019.03.10"]
[Round "2"]
[White "Urbanova, Daniela"]
[Black "Langner, Ladislav"]
[Result "0-1"]
[WhiteElo "1786"]
[BlackElo "2382"]
[PlyCount "98"]
[EventDate "2019.03.09"]

1. e4 c5 2. Nf3 e6 3. d4 cxd4 4. Nxd4 a6 5. Nc3 b5 6. a3 Bb7 7. Be2 Qc7 8. O-O
Nf6 9. Bf3 Nc6 10. Nxc6 Bxc6 11. Qe2 Bd6 12. g3 O-O 13. Bg2 Be5 14. Qd3 Qb7 15.
f3 d5 16. exd5 Nxd5 17. Nxd5 Bxd5 18. Qe3 Bd6 19. Qf2 b4 20. Be3 bxa3 21. bxa3
Rfc8 22. Qd2 Qb2 23. Rfc1 Bxa3 24. Rcb1 Qc3 25. Qxc3 Rxc3 26. Bd4 Bc5 27. Bxc5
Rxc5 28. Rxa6 Rac8 29. Rab6 Rxc2 30. Rb8 g5 31. Rxc8+ Rxc8 32. Rb2 Rc4 33. Kf2
Kg7 34. Bf1 Ra4 35. Be2 h5 36. h3 Kf6 37. Rd2 Ke5 38. f4+ gxf4 39. Bxh5 fxg3+
40. Kxg3 Ra3+ 41. Kh4 f5 42. Re2+ Kf4 43. Rf2+ Bf3 44. Rxf3+ Rxf3 45. Bxf3 Kxf3
46. Kg5 Kg3 47. h4 f4 48. h5 f3 49. h6 f2 0-1

[Event "MCR mladeze 2019 - FIDE Open"]
[Site "Kouty nad Desnou"]
[Date "2019.03.10"]
[Round "2"]
[White "Kanka, Matej"]
[Black "Stastny, Jakub"]
[Result "0-1"]
[WhiteElo "1975"]
[BlackElo "1785"]
[PlyCount "48"]
[EventDate "2019.03.09"]

1. d4 Nf6 2. Nf3 d5 3. e3 Bf5 4. Ne5 e6 5. Be2 Bd6 6. O-O Nbd7 7. f4 Ne4 8. Nd2
f6 9. Nxe4 Bxe4 10. Nd3 Qe7 11. Nf2 Bf5 12. c4 c6 13. c5 Bc7 14. b4 O-O-O 15.
a4 g5 16. b5 Nb8 17. Nd3 gxf4 18. exf4 Rhg8 19. Bf3 e5 20. fxe5 fxe5 21. dxe5
Bxd3 22. Bg4+ Rxg4 23. Qxg4+ Nd7 24. Rf2 Qxe5 0-1

[Event "MCR mladeze 2019 - FIDE Open"]
[Site "Kouty nad Desnou"]
[Date "2019.03.10"]
[Round "2"]
[White "Stocek, Martin"]
[Black "Novotna, Tereza"]
[Result "1-0"]
[WhiteElo "1704"]
[BlackElo "1846"]
[PlyCount "89"]
[EventDate "2019.03.09"]

1. d4 Nf6 2. Nf3 g6 3. c4 Bg7 4. Nc3 O-O 5. e4 d6 6. Be2 e5 7. d5 a5 8. h3 Na6
9. Be3 Nd7 10. Qd2 Ndc5 11. Bh6 Nb4 12. h4 Ncd3+ 13. Bxd3 Nxd3+ 14. Kf1 Nf4 15.
Bxf4 exf4 16. Qxf4 f5 17. e5 dxe5 18. Nxe5 Re8 19. Re1 Qd6 20. Nd3 Rxe1+ 21.
Kxe1 Qb6 22. Kd2 Bd7 23. Re1 Qf6 24. Kc2 Re8 25. Rxe8+ Bxe8 26. Qxc7 Qxh4 27.
d6 Bxc3 28. Kxc3 Qf6+ 29. Kc2 Qd4 30. b3 Bc6 31. Qd8+ Kg7 32. Qe7+ Kg8 33. Qe6+
Kf8 34. Qe7+ Kg8 35. Qe5 Qb6 36. Qe6+ Kg7 37. c5 Qd8 38. Ne5 Be4+ 39. Kc3 Bc6
40. Nxc6 bxc6 41. d7 Kf8 42. Qxc6 Ke7 43. Qd6+ Kf7 44. c6 Qh8+ 45. Qd4 1-0

[Event "MCR mladeze 2019 - FIDE Open"]
[Site "Kouty nad Desnou"]
[Date "2019.03.10"]
[Round "2"]
[White "Sojma, Zdenek"]
[Black "Cipl, Jan"]
[Result "1-0"]
[WhiteElo "1841"]
[BlackElo "1626"]
[PlyCount "127"]
[EventDate "2019.03.09"]

1. c4 c5 2. Nc3 Nc6 3. g3 g6 4. Bg2 Bg7 5. Nf3 Nf6 6. O-O O-O 7. d3 d6 8. Bg5
h6 9. Bd2 Bg4 10. h3 Bd7 11. a3 Qc8 12. Kh2 a6 13. Rb1 Rb8 14. b4 cxb4 15. axb4
b5 16. cxb5 axb5 17. Qc2 Be6 18. Rfc1 Qd7 19. Nxb5 Nxb4 20. Rxb4 Rxb5 21. Rxb5
Qxb5 22. Rb1 Qd7 23. Rc1 Rb8 24. e3 Rb2 25. Qd1 Bb3 26. Qe1 Ba4 27. Bc3 Rb3 28.
Nd4 Rb8 29. Qd2 e5 30. Ne2 Bc6 31. Bxc6 Qxc6 32. Bxe5 Qf3 33. Ng1 Qh5 34. Bd4
Qd5 35. Qe2 g5 36. Qf3 Qe6 37. Kg2 Rb5 38. Ne2 Rf5 39. Qa8+ Kh7 40. Qc8 Qd5+
41. e4 Nxe4 42. dxe4 Qxe4+ 43. Kg1 Bxd4 44. Nxd4 Rxf2 45. Kxf2 Qxd4+ 46. Ke2
Qe4+ 47. Kd2 Qd4+ 48. Kc2 Qa4+ 49. Kd3 Qb3+ 50. Qc3 Qd5+ 51. Ke3 Qe6+ 52. Kf3
Qxh3 53. Qd3+ Kg7 54. Qd4+ Kh7 55. Qg4 Qh2 56. Qe4+ Kg7 57. Qd4+ Kh7 58. Rf1
Qh3 59. Rf2 Qh1+ 60. Ke2 Qh5+ 61. Ke3 Qg6 62. Qe4 Qxe4+ 63. Kxe4 Kg6 64. g4 1-0

[Event "MCR mladeze 2019 - FIDE Open"]
[Site "Kouty nad Desnou"]
[Date "2019.03.10"]
[Round "2"]
[White "Jerabkova, Julia"]
[Black "Cibikova, Sofia Anna"]
[Result "0-1"]
[WhiteElo "1695"]
[BlackElo "1812"]
[PlyCount "54"]
[EventDate "2019.03.09"]

1. d4 Nf6 2. c4 g6 3. Nc3 d5 4. cxd5 Nxd5 5. e4 Nxc3 6. bxc3 Bg7 7. Bc4 O-O 8.
Be3 c5 9. Ne2 Nc6 10. O-O Qa5 11. Rb1 a6 12. Bd5 e6 13. Bxc6 bxc6 14. Qb3 cxd4
15. cxd4 e5 16. Rfc1 Be6 17. d5 cxd5 18. Bb6 Qb5 19. Qd1 Qd7 20. Rc7 Qd6 21.
Rcc1 Rfc8 22. exd5 Qxd5 23. Qxd5 Bxd5 24. Nc3 Be6 25. a4 Bf5 26. Rb3 Rc4 27.
Re1 Bc2 0-1

[Event "MCR mladeze 2019 - FIDE Open"]
[Site "Kouty nad Desnou"]
[Date "2019.03.10"]
[Round "2"]
[White "Balin, Daniel"]
[Black "Dejmal, Ondrej"]
[Result "1-0"]
[WhiteElo "1811"]
[BlackElo "1557"]
[PlyCount "93"]
[EventDate "2019.03.09"]

1. e4 e5 2. Nf3 Nc6 3. Bc4 Bc5 4. c3 Nf6 5. d3 d6 6. Bb3 h6 7. Nbd2 O-O 8. O-O
Re8 9. h3 Bd7 10. Re1 a6 11. Nf1 Ba7 12. Be3 Na5 13. Bc2 c5 14. Ng3 Nc6 15. Nh4
Ne7 16. Qf3 Qc8 17. Bxh6 Nh7 18. Be3 g6 19. Bb3 Be6 20. Bxe6 Qxe6 21. Qd1 b5
22. Nf3 f6 23. a4 Nc6 24. axb5 axb5 25. d4 cxd4 26. cxd4 exd4 27. Nxd4 Bxd4 28.
Rxa8 Rxa8 29. Bxd4 Nxd4 30. Qxd4 Ra4 31. b4 Ng5 32. f4 Nf7 33. f5 Qe5 34. Qxe5
Nxe5 35. fxg6 Nxg6 36. Rd1 Rxb4 37. Rxd6 Rb1+ 38. Kh2 Nh4 39. Nh5 Rb2 40. Nf4
Nf3+ 41. Kg3 Ng5 42. Rd4 b4 43. h4 Rb3+ 44. Kg4 Nf7 45. Nd5 Ne5+ 46. Kf5 Rg3
47. Nxf6+ 1-0

[Event "MCR mladeze 2019 - FIDE Open"]
[Site "Kouty nad Desnou"]
[Date "2019.03.10"]
[Round "2"]
[White "Vaculik, Martin"]
[Black "Klubal, Jiri"]
[Result "1/2-1/2"]
[WhiteElo "1562"]
[BlackElo "1791"]
[PlyCount "38"]
[EventDate "2019.03.09"]

1. d4 Nf6 2. c4 g6 3. Nc3 Bg7 4. e4 d6 5. Be2 O-O 6. Bg5 h6 7. Be3 e5 8. d5 a5
9. Qd2 Kh7 10. h4 Ng4 11. Bxg4 Bxg4 12. f3 Bd7 13. h5 g5 14. g4 Na6 15. Nh3 Bf6
16. Nf2 Be7 17. Nd3 Qb8 18. a4 c6 19. Kf2 c5 1/2-1/2

[Event "MCR mladeze 2019 - D16"]
[Site "Kouty nad Desnou"]
[Date "2019.03.10"]
[Round "2"]
[White "Vavrinkova, Anna"]
[Black "Laurincova, Kristyna"]
[Result "1-0"]
[WhiteElo "1543"]
[BlackElo "2108"]
[EventDate "2019.03.09"]

1. e4  c5  2. c3  d5
3. exd5  Qxd5  4. d4
Nf6  5. Nf3  Bg4
6. Be2  e6  7. O-O
Nc6  8. h3  Bh5
9. Be3  cxd4  10. cxd4  Bd6
11. Nc3  Qa5  12. a3
Rc8  13. Qb3  O-O
14. Rfd1  Ne7  15. Rac1
Rfd8  16. Nb5  Bb8
17. Bd2  Qb6  18. Qa4
Nc6  19. Be3  Nd5
20. Rb1  a6  21. Nc3
Nce7  22. Qc2  Qd6
23. Ne5  Bg6  24. Bd3
Nf5  25. Qd2  Ndxe3
26. fxe3  f6  27. Nf3
Bh5  28. Bxf5  Bxf3
29. gxf3  exf5  30. Qg2
Re8  31. e4  Ba7
32. Nd5  Rc4  33. Kh1
Rxd4  34. Rg1  g6
35. Rbe1  Kf7  36. exf5
g5  37. Rxe8  Kxe8
38. Re1+  Kf7  39. Qe2
Rxd5  40. Qe8+  Kg7
41. Re7+  Qxe7  42. Qxe7+
Kh6  43. Qxf6+  Kh5
44. Qf7+  1-0

[Event "MCR mladeze 2019 - D16"]
[Site "Kouty nad Desnou"]
[Date "2019.03.10"]
[Round "2"]
[White "Dvorakova, Olga"]
[Black "Leksova, Sona"]
[Result "1-0"]
[WhiteElo "1715"]
[BlackElo "1432"]
[EventDate "2019.03.09"]

1. d4  d5  2. c4  e6
3. Nc3  c5  4. cxd5
exd5  5. e3  Nc6
6. Nf3  Nf6  7. Be2
Bg4  8. O-O  Qc7
9. dxc5  Rd8  10. Nb5
Qc8  11. Nd6+  Bxd6
12. cxd6  Rxd6  13. b3
Ne4  14. Qc2  h5
15. Rd1  Qf5  16. Rf1
h4  17. Nd4  Nxd4
18. exd4  Rg6  19. Bxg4
Qxg4  20. f3  Qe6
21. fxe4  dxe4  22. Rf4
f5  23. Qc7  Rh5
24. Ba3  e3  25. Qb8+
Kd7  26. Qxb7+  Ke8
27. Rc1  Rxg2+  28. Kxg2
1-0

[Event "MCR mladeze 2019 - D16"]
[Site "Kouty nad Desnou"]
[Date "2019.03.10"]
[Round "2"]
[White "Huskova, Agata"]
[Black "Gregurkova, Nikola"]
[Result "1/2-1/2"]
[WhiteElo "1406"]
[BlackElo "1687"]
[EventDate "2019.03.09"]

1. e4  e5  2. Nf3  Nc6
3. Bc4  Nf6  4. d3
Be7  5. Nc3  d6
6. h3  Be6  7. Bb3  Bxb3
8. axb3  a6  9. Be3
d5  10. exd5  Nxd5
11. Bd2  Qd7  12. Ne4
h6  13. O-O  O-O-O
14. Qe2  f5  15. Nc3
Bf6  16. Nxd5  Qxd5
17. Bc3  Rhe8  18. Rfd1
g5  19. Nd2  Qf7
20. Nc4  Nd4  21. Bxd4
Rxd4  22. Ra5  Rd5
23. Qf3  e4  24. dxe4
Rxd1+  25. Qxd1  fxe4
26. Qg4+  Qe6  27. Qxe6+
Rxe6  28. Ra2  b5
29. Ne3  Kb7  30. Kf1
Rc6  31. Ke2  Bd4
32. Kd2  Be5  33. Ke2
Bf4  34. Kd1  Bxe3
35. fxe3  Rd6+  36. Ke2
Rf6  37. Ra1  Kb6
38. Rd1  Kc6  39. Rd4
Re6  40. b4  Kb6
41. b3  a5  42. bxa5+
Kxa5  43. c3  Kb6
44. b4  c5  45. bxc5+
Kxc5  46. Kf2  h5
47. Kg3  h4+  48. Kg4
Re5  49. g3  hxg3
50. Kxg3  Re6  51. Kg4
Re5  52. h4  gxh4
53. Kxh4  Re6  54. Kg4
Re5  55. Kf4  Re7
56. Kf5  1/2-1/2

[Event "MCR mladeze 2019 - D16"]
[Site "Kouty nad Desnou"]
[Date "2019.03.10"]
[Round "2"]
[White "Otrubova, Kristyna"]
[Black "Steinova, Kamila"]
[Result "1-0"]
[WhiteElo "1680"]
[BlackElo "1378"]
[EventDate "2019.03.09"]

1. e4 e5 2. Nf3 Nc6 3. Bb5 d6 4. h3 Nf6 5. d3 Be7 6. O-O O-O 7. c3 a6 8. Ba4 Be6
9. Nbd2 h6 10. d4 Bd7 11. Re1 b5 12. Bb3 Re8 13. Nf1 Bf8 14. Ng3 Na7 15. Nh4 c5
16. Ng6 c4 17. Nxf8 Rxf8 18. Bc2 Qc7 19. f4 Nc6 20. d5 Na7 21. f5 Rfd8 22. Nf1
Kh7 23. g4 Rg8 24. g5 Ne8 25. Re2 g6 26. Rg2 h5 27. Ng3 Kg7 28. Rf2 Qb6 29. fxg6
fxg6 30. Nxh5+ Kh8 31. Qf3 Ng7 32. Be3 Qd8 33. Nf6 Rf8 34. Qg3 Nh5 35. Qh4 Kg7
36. Nxh5+ gxh5 37. Qxh5 Rxf2 38. Qh6+ Kg8 39. Bxf2 Qf8 40. Qxf8+ Kxf8 41. h4 Nc8
42. Kg2 Ne7 43. Rf1 Kg7 44. Be3 Ng8 45. Bd1 Kg6 46. h5+ Kg7 47. Kg3 a5 48. h6+
Kh8 49. g6 Re8 50. Bh5 Ra8 51. Rf7 1-0

[Event "MCR mladeze 2019 - D16"]
[Site "Kouty nad Desnou"]
[Date "2019.03.10"]
[Round "2"]
[White "Otahalova, Nela"]
[Black "Tutkova, Ludmila"]
[Result "1-0"]
[WhiteElo "1343"]
[BlackElo "1133"]
[EventDate "2019.03.09"]

1. d4  b6  2. c4  Bb7
3. Nc3  Nf6  4. e3
e6  5. Nf3  Be7
6. g3  O-O  7. Bg2  d5
8. cxd5  Nxd5  9. O-O
Nd7  10. Re1  c5
11. e4  Nxc3  12. bxc3
Nf6  13. Ne5  cxd4
14. cxd4  h6  15. Bb2
Nd7  16. Nxd7  Qxd7
17. Rc1  f5  18. e5
Bxg2  19. Kxg2  Qd5+
20. Qf3  Qxa2  21. Re2
Rad8  22. Rc3  Qd5
23. Qxd5  Rxd5  24. Rc7
Bb4  25. Rec2  a5
26. R2c6  b5  27. Rxe6
f4  28. Rg6  f3+
29. Kh3  Rf7  30. Rxf7
Kxf7  31. Ra6  Be1
32. Kg4  Bxf2  33. Kxf3
Bxd4  34. e6+  Ke7
35. Ke4  Re5+  36. Kxd4
Rxe6  37. Rxe6+  Kxe6
38. Kc5  Kf5  39. Bxg7
Kg4  40. Bxh6  b4
41. Kc4  Kf3  42. Kb3
Kg4  43. Bf4  Kf3
44. h3  Ke4  45. Bc7
Kf3  46. g4  Kg2
47. g5  Kxh3  48. g6
1-0

[Event "MCR mladeze 2019 - D16"]
[Site "Kouty nad Desnou"]
[Date "2019.03.10"]
[Round "2"]
[White "Souckova, Viktorie"]
[Black "Vsetulova, Viktorie"]
[Result "1-0"]
[WhiteElo "1159"]
[BlackElo "1306"]
[EventDate "2019.03.09"]

1. e4 c5 2. Bc4 d6 3. Nf3 Nf6 4. Ng5 e6 5. d3 Be7 6. Nc3 O-O 7. Qe2 Nc6 8. Bb5
Nd4 9. Qd1 a6 10. Bc4 b5 11. Bb3 a5 12. a4 b4 13. Ne2 Nxb3 14. cxb3 Bb7 15. O-O
Nd7 16. Nf3 Bf6 17. Qc2 Ne5 18. Nxe5 Bxe5 19. Bf4 Bxf4 20. Nxf4 Qg5 21. Nh3 Qg6
22. Rae1 Rac8 23. Re3 d5 24. Rg3 Qf6 25. f3 Qd4+ 26. Kh1 Ba6 27. Rd1 Qf6 28. Qd2
Rfd8 29. Nf4 c4 30. Nh5 Qe5 31. Rxg7+ Kf8 32. Qh6 cxd3 33. Rg5+ Ke8 34. Rxe5 dxe4
35. Nf6+ Ke7 36. Nxe4 Rc2 37. Nc5 d2 38. Qg5+ Ke8 39. h3 1-0

[Event "MCR mladeze 2019 - D16"]
[Site "Kouty nad Desnou"]
[Date "2019.03.10"]
[Round "2"]
[White "Markova, Katerina"]
[Black "Jankovska, Hana"]
[Result "0-1"]
[WhiteElo "1097"]
[BlackElo "1164"]
[EventDate "2019.03.09"]

1. e4 e6 2. d4 d5 3. e5 c5 4. c3 Nc6 5. f4 f6 6. Bd3 cxd4 7. Qh5+ Ke7 8. Nf3 dxc3
9. Nxc3 Nb4 10. Bb1 d4 11. Ne4 f5 12. Nd6 g6 13. Qh4+ Kd7 14. Qxd8+ Kxd8 15. Nf7+
Ke8 16. Nxh8 d3 17. O-O Bd7 18. Bd2 Bb5 19. Nd4 Bc5 20. Bxb4 Bxd4+ 21. Kh1 Bxb2
22. a3 Bxa1 23. Ba2 Bd4 24. Bxe6 Ne7 25. Nf7 Ba6 26. Nd6+ Kd8 27. Rd1 Nc6 28. Nc4
Nxb4 29. axb4 Ke7 30. Bd5 Rd8 31. Nd6 Be3 32. Bb3 Bxf4 33. b5 Bxe5 34. Nc4 Bxb5
35. Nxe5 d2 36. Nf3 Be2 37. Rxd2 Bxf3 38. Rxd8 Bxg2+ 39. Kxg2 Kxd8 40. Bg8 h6 41.
Bh7 g5 42. Bxf5 Ke7 43. Be4 b5 44. Bd3 b4 45. Bc4 Kd6 46. Bb3 Kc5 47. Kg3 a5 48.
Kg4 Kb5 49. Kh5 a4 50. Be6 b3 51. Kxh6 b2 52. Bf5 Kb4 53. Kxg5 a3 54. Bb1 Kb3 55.
h4 a2 56. Bxa2+ Kxa2 57. h5 b1=Q 58. Kh6 Qf5 59. Kg7 Qxh5 60. Kf6 Kb3 61. Ke6 Kc4
62. Kd6 Qd5+ 63. Ke7 Qe5+ 64. Kd7 Kd5 65. Kd8 Kc6 66. Kc8 Qe8# 0-1

[Event "MCR mladeze 2019 - Narodni open"]
[Site "Kouty nad Desnou"]
[Date "2019.03.10"]
[Round "2"]
[White "Slepankova, Radka"]
[Black "Hladky, Jiri"]
[Result "1/2-1/2"]
[WhiteElo "1948"]
[BlackElo "1414"]
[EventDate "2019.03.09"]
[PlyCount "101"]

1. e4 e5 2. Nc3 Nc6 3. g3 g6 4. Bg2 Bg7 5. Nge2 d6 6. d3 Nge7 7. O-O O-O 8. f4
f5 9. Be3 exf4 10. Nxf4 Bd7 11. Qd2 Ne5 12. h3 Qe8 13. Ncd5 Nxd5 14. Nxd5 Rc8
15. exf5 Bxf5 16. Rae1 c6 17. Nc3 Qd7 18. Kh2 Rce8 19. b3 d5 20. Bxa7 Nf7 21.
Bc5 Bh6 22. Qf2 Rxe1 23. Rxe1 Re8 24. Rxe8+ Qxe8 25. Qe2 Qd7 26. Qe7 Qxe7 27.
Bxe7 Ng5 28. a4 Kf7 29. Bxg5 Bxg5 30. b4 Bf6 31. Ne2 g5 32. b5 Bd7 33. a5 Bc8
34. c4 Ke6 35. h4 Kd6 36. hxg5 Bxg5 37. bxc6 bxc6 38. cxd5 cxd5 39. Nf4 Ba6 40.
d4 Bf6 41. Nxd5 Bxd4 42. Nb4 Bb5 43. a6 Kc7 44. Bb7 Kb8 45. Kh3 Bc5 46. Nd5 Ka7
47. Nf6 Bxa6 48. Bxa6 Kxa6 49. Nxh7 Kb7 50. Kg4 Bd6 51. Nf6 1/2-1/2

[Event "MCR mladeze 2019 - Narodni open"]
[Site "Kouty nad Desnou"]
[Date "2019.03.10"]
[Round "2"]
[White "Gres, Michal"]
[Black "Holasek, Vojtech"]
[Result "0-1"]
[WhiteElo "1401"]
[BlackElo "1795"]
[EventDate "2019.03.09"]
[PlyCount "72"]

1. e4 e5 2. Nf3 Nc6 3. Bc4 Nf6 4. d3 d6 5. c3 Bg4 6. O-O Qd7 7. b4 a6 8. Be3
Be7 9. Nbd2 O-O 10. Qc2 Rad8 11. d4 exd4 12. Nxd4 d5 13. exd5 Nxd5 14. Bxd5
Qxd5 15. f3 Nxd4 16. Bxd4 Bf5 17. Ne4 Bxe4 18. fxe4 Qc4 19. a3 Rxd4 20. Rac1
Rxe4 21. Rfe1 Rxe1+ 22. Rxe1 Bf6 23. Kh1 Qxc3 24. Qxc3 Bxc3 25. Rc1 Re8 26. h3
Re1+ 27. Rxe1 Bxe1 28. Kg1 b5 29. Kf1 Bc3 30. Ke2 Bb2 31. a4 bxa4 32. Kd3 Ba3
33. Kc3 c5 34. bxc5 Bxc5 35. Kb2 f5 36. Ka2 Kf7 0-1

[Event "MCR mladeze 2019 - Narodni open"]
[Site "Kouty nad Desnou"]
[Date "2019.03.10"]
[Round "2"]
[White "Hrabal, Matej"]
[Black "Cizek, Jan"]
[Result "1-0"]
[WhiteElo "1789"]
[BlackElo "1376"]
[EventDate "2019.03.09"]
[PlyCount "71"]

1. e4 e6 2. d4 d5 3. Nc3 Bb4 4. a3 Bxc3+ 5. bxc3 dxe4 6. Qg4 Kf8 7. Qxe4 Nf6 8.
Qf3 c5 9. Be3 Qa5 10. Bd2 Qa4 11. Qd3 b6 12. Be2 Ba6 13. Qf3 Nd5 14. Bxa6 Nxa6
15. Qd3 c4 16. Qe4 Nac7 17. Ne2 f6 18. O-O Kf7 19. Rfe1 Rae8 20. Bf4 Nb5 21.
Bd2 Nd6 22. Qf3 Qxc2 23. Bf4 Nb5 24. Rac1 Qd3 25. Be3 Nbxc3 26. Nxc3 Nxc3 27.
d5 exd5 28. Rxc3 Rxe3 29. Qxe3 Qxe3 30. Rcxe3 d4 31. Re7+ Kg6 32. R7e4 Rd8 33.
Rd1 c3 34. Rexd4 Rxd4 35. Rxd4 b5 36. Rd3 1-0